00305nam a2200121Ia 4500008004100000041000800041082001500049100001600064245003200080260003600112300002400148365001100172240624s9999 xx 000 0 und d aeng a344.01 DWI aDWIVEDI S L aINDUSTRIAL DISPUTE ACT 1947 c2007aBombaybLabour Law Agency a376 : p. : cm. ; 24 cRSb15